Genotypie performance of early maturity rice in two different water conditions ការសំដែងកម្មនៃពូជស្រូវស្រាលក្នុងលក្ខខណ្ឌទឹកពីរៀផ្សេងគ្នា (Record no. 1333)
[ view plain ]
| 000 -LEADER | |
|---|---|
| fixed length control field | 00607nam a22001577a 4500 |
| 003 - CONTROL NUMBER IDENTIFIER | |
| control field | OSt |
| 005 - DATE AND TIME OF LATEST TRANSACTION | |
| control field | 20150927143716.0 |
| 008 - FIXED-LENGTH DATA ELEMENTS--GENERAL INFORMATION | |
| fixed length control field | 150927b xxu||||| |||| 00| 0 eng d |
| 040 ## - CATALOGING SOURCE | |
| Transcribing agency | RUA |
| 082 ## - DEWEY DECIMAL CLASSIFICATION NUMBER | |
| Classification number | AGR BON 2011 B050 Or.1 |
| 100 ## - MAIN ENTRY--PERSONAL NAME | |
| 9 (RLIN) | 1418 |
| Personal name | BON, BEUNY |
| 245 ## - TITLE STATEMENT | |
| Title | Genotypie performance of early maturity rice in two different water conditions ការសំដែងកម្មនៃពូជស្រូវស្រាលក្នុងលក្ខខណ្ឌទឹកពីរៀផ្សេងគ្នា |
| 260 ## - PUBLICATION, DISTRIBUTION, ETC. (IMPRINT) | |
| Place of publication, distribution, etc. | Phnom Penh |
| Name of publisher, distributor, etc. | RUA |
| Date of publication, distribution, etc. | 2011 |
| 300 ## - PHYSICAL DESCRIPTION | |
| Extent | x, 55p. |
| Other physical details | ill. |
| Dimensions | 29cm. |
| 942 ## - ADDED ENTRY ELEMENTS (KOHA) | |
| Source of classification or shelving scheme | |
| Koha item type | AGR |
| Price effective from | Date last seen | Permanent Location | Not for loan | Date acquired | Source of classification or shelving scheme | Koha item type | Lost status | Withdrawn status | Date last checked out | Total Checkouts | Shelving location | Damaged status | Barcode | Current Location | Full call number |
|---|---|---|---|---|---|---|---|---|---|---|---|---|---|---|---|
| 2015-09-27 | 2017-01-02 | Library Block B | 2015-09-27 | AGR | 2016-12-07 | 1 | B050 | RUA000227 | Library Block B | AGR BON 2011 B050 Or.1 | |||||
| 2015-09-27 | 2016-01-29 | Library Block B | 2015-09-27 | AGR | 2016-01-23 | 1 | B050 | RUA000736 | Library Block B | AGR BON 2011 B050 Or.2 | |||||
| 2015-09-27 | 2016-10-25 | Library Block B | 2015-09-27 | AGR | 2016-10-19 | 1 | B050 | RUA008370 | Library Block B | AGR BON 2011 B050 Or.3 | |||||
| 2015-09-27 | 2017-11-01 | Library Block B | 2015-09-27 | AGR | 2017-10-17 | 1 | B050 | RUA006474 | Library Block B | AGR BON 2011 B050 Or.4 | |||||
| 2015-09-27 | 2015-09-27 | Library Block B | 2015-09-27 | AGR | B050 | RUA006199 | Library Block B | AGR BON 2011 B050 Or.5 |